000
00243nam a2200109Ia 4500
008
231212s1981 xx 000 0 und d
041
_a
eng
082
_a
820
100
_a
Jewiesh W.
245
_a
Native Land
260
_a
Mascow
_b
Mir Pub
_c
1981
999
_c
958570
_d
958570